000 02198nam a22004697a 4500
003 EG-GICUC
005 20260121101206.0
008 251110s2025 ua ||||fr|||| 000 0 ara d
040 _aEG-GICUC
_cEG-GICUC
_dEG-GICUC
_erda
_bara
041 0 _aara
_dara
049 _aإيداع
082 0 4 _a343.16322
_221
097 _aPh.D
099 _aLaw 10 PHD 2025
100 0 _aموزة على راشد محمد اليماحى
_eمؤلف.
245 1 0 _aالجزاءات الجنائية غير السالبة للحرية فى السياسة العقابية الحديثة :
_bدراسة مقارنة /
_cاعداد موزة على راشد محمد اليماحى ؛ اشراف عمر محمد محمد سالم .
264 0 _aالقاهرة :
_bكلية الحقوق - جامعة القاهرةو
_c2025.
300 _a334 صفحة :
_billustrations ; إيضاحيات ؛
_c30 cm. +
_eCD.
336 _atext
_2rda content
337 _aComputer
_2rda media
338 _aOnline Resource
_2rda carrier
502 _a أطروحة (دكتوراه)-جامعة القاهرة، 2025.
504 _aيشتمل على إرجاعات بيبليوجرافية: 306-327 صفحة
546 _aالنص بالعربية والملخص بالإنجليزية.
650 0 4 _aالعقوبات السالبة للحرية
_2qrmak
653 0 _aالسياسة العقابية الحديثة
653 0 _aتخفيض معدلات الجريمة
653 0 _aعيوب النظام العقابي
653 0 _aمؤسسة عقابية
653 0 _aاشراف قضائي
653 0 _aسلب الحريات
653 0 _aاعادة تأهيل
655 4 _aرسائل جامعية
_zجامعة القاهرة
700 0 _aعمر محمد محمد سالم
_eAnnotateur
700 0 _aأحمد عوض بلال
_eAnnotateur
700 0 _aمحمد الدسوقي الشهاوي
_eAnnotateur
710 2 _aجامعة القاهرة
_bكلية الحقوق
856 _uhttps://fll.law.cu.edu.eg/fulltext/th/T10-04171.pdf
900 _b01-01-2023
_Uجامعة القاهرة Cairo University
_Fكلية Faculty of
_Dقسم Department of
905 _a31
942 _2ddc
_cTH
_e21
_n0
999 _c42340